000 00511nam a22001817a 4500
005 20251108171110.0
008 250721s1981 xx 000 0 ara d
082 1 4 _a215.4/محم
100 1 _aالقاسمي، محمد جمال الدين
245 1 0 _aتاريخ الجهمية و المعتزلة /
250 _aط2
264 1 _aبيروت :
_bمؤسسة الرسالة،
_c1981.
300 _a109ص
650 1 7 _aالجهمية
650 1 7 _aالمعتزلة
942 _2ddc
_cBK
999 _c56584
_d56584